Ładuje się......

Kya-kya toot gaya bheetar

Opis bibliograficzny
1. autor: Śarmā, Manoj Kumār
Format: Printed Book
Wydane: New Delhi : Radhakrishna Praksahan , c2005.
Hasła przedmiotowe:
LEADER 00585nam a22001817a 4500
008 140827b ii||||| |||| 00| 0 hin d
020 |a 8171199984  |c INR150 
082 |a S-31 
100 |a Śarmā, Manoj Kumār, 
245 |a Kya-kya toot gaya bheetar  |c  Manoj Kumār sarma 
260 |9 2193  |a New Delhi :  |b Radhakrishna Praksahan ,  |c c2005. 
300 |a 104p.: 
546 |a In Hindi. 
650 0 |a Hindi poetry 
653 |a Kavita 
942 |c BK 
999 |c 247178  |d 247178 
952 |0 0  |1 0  |4 0  |6 S_31  |7 0  |9 274479  |a HIN  |b HIN  |c S-31  |d 2016-03-02  |g 150.00  |i 24111  |l 0  |o S-31  |p HIN24111  |r 2016-03-02  |w 2016-03-02  |y BK